000 00713cam a2200229 a 4500
001 000018169
005 20240422104515.0
008 780928s1973 ve 000 p spa d
040 _aDO-SdBNP
_bspa
_cDLC
_dBNPHU
082 _aCh861.44
_bB142n
100 1 _aBaeza Flores, Alberto,
_d1914-1998
_97565
245 1 3 _aEl nieto /
_cAlberto Baeza Flores.
260 _aCaracas, (Venezuela) :
_bÁrbol de Fuego,
_c1973.
300 _a31, [9] p. ;
_c22 cm.
490 1 _aÁrbol de fuego
_v67
650 4 _aPoesía chilena
_99166
650 4 _aPoesía infantil chilena
_939379
650 4 _aLiteratura chilena
_93164
830 0 _aÁrbol de fuego ;
_v67
_939380
910 _aCatalogación derivada / LC
049 _aBNGR
999 _c17690
_d17690